Implementácia robotizovaného pracoviska lepenia strešného okna do existujúcej linky montáže automobilov = Implementation of robotic station for agglutination of roof window to existing car assembling link : Diplomová práca
Na minha lista:
| Autor principal: | |
|---|---|
| Outros Autores: | |
| Formato: | Manuscrito Livro |
| Idioma: | eslovaco |
| Publicado em: |
Trnava :
STU v Bratislave MtF KTZS,
2007
|
| Assuntos: | |
| Tags: |
Sem tags, seja o primeiro a adicionar uma tag!
|
MARC
| LEADER | 00000ntm a22000003a 4500 | ||
|---|---|---|---|
| 001 | stu143202 | ||
| 005 | 20160719155803.1 | ||
| 008 | 070711s2007----xo------------------slo-d | ||
| 040 | |a STU |b slo | ||
| 041 | 0 | |a slo | |
| 044 | |a xo | ||
| 100 | 1 | |a Pecháček, František, |d 1950- |4 csl |u M2000 |U MTF Materiálovotechnologická fakulta |T MTF Ústav výrobných systémov a aplikovanej mechaniky |X 218 |U M2000 |Y 82 |7 A000000218 | |
| 245 | 1 | |a Implementácia robotizovaného pracoviska lepenia strešného okna do existujúcej linky montáže automobilov = Implementation of robotic station for agglutination of roof window to existing car assembling link : |b Diplomová práca | |
| 260 | |a Trnava : |b STU v Bratislave MtF KTZS, |c 2007 | ||
| 300 | |a 80 s |c 1 CD-ROM | ||
| 500 | |a Program: Výrobné zariadenia a systémy | ||
| 650 | 7 | |a priemyselné roboty |2 stusub | |
| 700 | 1 | |a Zán, Martin |4 aut | |
| 700 | 1 | |a Nemčík, Ján |4 xxx | |
| 996 | |b 284M076613 |c M*DP-6656 |l MMSKP |s P |a 0 |w stu143202_0001 | ||